Villes d'Occitanie de plus de 10 000 habitants - Statistiques

Statistiques générales
  • Ce quiz a été pris 140 fois
  • Le résultat moyen est 33 sur 72
Statistiques - réponses
Département Ville Population % Correct
31 Toulouse 504078
98%
34 Montpellier 302454
97%
11 Carcassonne 46218
92%
66 Perpignan 119656
92%
30 Nîmes 148104
91%
34 Béziers 80341
88%
11 Narbonne 56395
88%
81 Albi 49714
86%
81 Castres 42672
86%
82 Montauban 61919
86%
34 Sète 44712
86%
65 Tarbes 43955
85%
12 Rodez 24207
84%
30 Alès 43892
81%
12 Millau 21712
80%
32 Auch 23041
76%
31 Blagnac 26466
75%
34 Agde 29103
74%
46 Cahors 20141
73%
34 Lunel 26185
69%
48 Mende 12316
67%
31 Muret 25060
66%
31 Colomiers 40159
65%
34 Frontignan 23808
63%
09 Pamiers 16394
63%
65 Lourdes 13509
58%
34 Castelnau-le-Lez 24888
52%
31 Tournefeuille 29439
52%
11 Castelnaudary 12448
49%
31 Saint-Gaudens 11613
48%
66 Argelès-sur-Mer 10792
45%
82 Castelsarrasin 14178
43%
34 Lattes 17544
43%
11 Limoux 10302
42%
31 Balma 17385
41%
12 Villefranche-de-Rouergue 11720
41%
81 Mazamet 10064
38%
81 Gaillac 15663
37%
30 Beaucaire 15680
33%
82 Moissac 13748
32%
66 Saint-Cyprien 11398
32%
34 Mauguio 16596
31%
31 Saint-Jean 11243
31%
30 Bagnols-sur-Cèze 18248
30%
66 Canet-en-Roussillon 12598
30%
81 Lavaur 10830
28%
30 Saint-Gilles 14264
27%
31 Cugnaux 20341
26%
11 Lézignan-Corbières 10952
26%
81 Graulhet 13166
25%
34 Juvignac 12783
25%
31 L'Union 12358
25%
31 Plaisance-du-Touch 19944
24%
31 Castanet-Tolosan 14903
23%
12 Onet-le-Château 11873
23%
31 Ramonville-Saint-Agne 14949
23%
34 Saint-Jean-de-Védas 12570
23%
30 Villeneuve-lès-Avignon 12617
20%
30 Pont-Saint-Esprit 10600
19%
66 Saint-Estève 11550
18%
30 Vauvert 11774
18%
34 Mèze 12664
17%
66 Pia 10733
17%
31 Auterive 10126
16%
66 Saint-Laurent-de-la-Salanque 10010
16%
34 Villeneuve-lès-Maguelone 10405
16%
66 Cabestany 10338
14%
31 Castelginest 10876
13%
31 Saint-Orens-de-Gameville 13766
13%
31 Villeneuve-Tolosane 10369
13%
34 Saint-Gély-du-Fesc 10537
12%
31 Fonsorbes 12546
11%
Aucun quiz correspondant
Distribution des résultats
% des personnes avec chaque résultat
Percentile par nombre de réponses
Votre historique - résultats
Vous n’avez pas pris ce quiz